Catálogo
 En Linea

¡A misiones! : (Registro nro. 41903)

Detalles MARC
000 -CABECERA
campo de control de longitud fija 00770nam a2200181 a 4500
001 - NÚMERO DE CONTROL
campo de control 000042414
005 - FECHA Y HORA DE LA ÚLTIMA TRANSACCIÓN
campo de control 20201002040135.0
008 - DATOS DE LONGITUD FIJA--INFORMACIÓN GENERAL
campo de control de longitud fija 131128s1950 sp ac r 000 0 spa d
040 ## - FUENTE DE LA CATALOGACIÓN
Centro catalogador/agencia de origen DO-SdBNP
Lengua de catalogación spa
Centro/agencia transcriptor BNPHU
082 ## - NÚMERO DE LA CLASIFICACIÓN DECIMAL DEWEY
Número de clasificación xxxx
Número de documento/Ítem xxxx
100 1# - ENTRADA PRINCIPAL--NOMBRE DE PERSONA
Nombre de persona Blancafort, Rosario
9 (RLIN) 69539
245 10 - MENCIÓN DE TÍTULO
Título ¡A misiones! :
Resto del título diario de las primeras misioneras, Carmelitas de la Caridad /
Mención de responsabilidad, etc. M. Rosario Blancafort, De S. Estanislao, C. de la C. ; prólogo del Rdo. P. Ignacio Ortiz de Urbina, S. J. ; Viñetas de J. Solá.
260 ## - PUBLICACIÓN, DISTRIBUCIÓN, ETC.
Lugar de publicación, distribución, etc. Barcelona, España :
Nombre del editor, distribuidor, etc. Instituto de Hermanas Carmelitas de la Caridad,
Fecha de publicación, distribución, etc. 1950.
300 ## - DESCRIPCIÓN FÍSICA
Extensión 272 p. :
Otras características físicas il., retrs. ;
Dimensiones 19 cm.
590 ## - NOTA LOCAL (RLIN)
Nota local Inventariado, 2019/BT
700 12 - PUNTO DE ACCESO ADICIONAL--NOMBRE DE PERSONA
Nombre de persona Estanislao, De S.
9 (RLIN) 69540
700 12 - PUNTO DE ACCESO ADICIONAL--NOMBRE DE PERSONA
Nombre de persona Ortiz de Urbina, Ignacio,
Término indicativo de función/relación pról.
9 (RLIN) 67443
Existencias
Estado de retiro Estado de pérdida Restricciones de uso No para préstamo Código de colección Localización permanente Ubicación/localización actual Ubicación en estantería Fecha de adquisición Número de inventario Total de préstamos Signatura topográfica completa Código de barras Fecha visto por última vez Precio válido a partir de Tipo de ítem Koha
      Excluido de préstamo Monografías: Libros y Folletos General General Depósito 28.11.2013 LF1   xxxx xxxx 42414-10 25.06.2020 25.06.2020 No se presta

Con tecnología Koha